00996nam a22001697a 4500008004100000020001500041020001900056082001800075100002800093245009400121260004500215300003800260440001000298505035300308650013700661700002800798160525b xxu||||| |||| 00| 0 eng d a8591909704 a9788591909704  a701.13bM582e aAndré Campos Mesquita aEsperar não é saberbarte entre o silêncio e a evidênciacAndré Campos Mesquita aSão PaulobAndré Luiz Mesquitac2015 a232 pagbill., couv. illc 23 cm. v1 vol tIntroducao: Desatar o silencio tTerror sinestéticotEntrevistas: Artur Barrio, Mario Ramiro, Marcelo Zelic tSaber o que nao saber tEntrevistas: Anna Ferrari, Pablo Ferrari, Julieta Zamorano Ferrari, Andre Wain tMemorias do invisivel tEntrevistas: Clara Ianni, Debora Maria da Silva tComentário Final/ Nao Acabou tNotas tAgradecimientos  aPolitica - Brasil (1964-1985) / Politica - ArgentinavMilitarismoxArte y sociedad- Arte y políticayDictadurazBrasi - Argentina  aAndré Campos Mesquita